| 000 | 00356nam a2200133Ia 4500 | ||
|---|---|---|---|
| 008 | 220217s9999||||xx |||||||||||||| ||und|| | ||
| 082 | _a624.171VAZ | ||
| 100 |
_aVazirani, V N and Ratwani, M M _9108 |
||
| 245 | 0 | _aAnalysis of structures | |
| 250 | _a16th | ||
| 260 |
_aKhanna publishers _bDelhi _c1997 |
||
| 300 |
_axii,959p _b110 |
||
| 650 | _aCIVIL | ||
| 999 |
_c164865 _d164865 |
||